Teorie a metody sociální práce

Bibliographic Details
Main Author: Sotoniaková, Eva, 1958- (Author)
Format: Book
Language:Czech
PhysicalDescription:67 s. 30 cm
Published: Ostrava Ostravská univerzita, Filozofická fakulta 2005
ISBN:8073681188
Edition:1. vyd.
Subjects:

MARC

LEADER 00000nam a2200000 a 4500
001 vtls008888371
003 SK-MaSNL
005 20260301124504.0
008 240314s2005 xr d p 000 0 cze
020 |a 8073681188  |q (brož.) 
040 |a SNK  |b slo  |c SNK  |e AACR2 
072 7 |a 364-1/-7  |x Druhy sociálnej pomoci a služieb  |2 konspekt 
072 7 |a 37.016  |x Učebné osnovy. Vyučovacie predmety. Učebnice  |2 konspekt 
080 |a 364-78  |2 2001 
080 |a (075.8)  |2 2001 
100 1 |a Sotoniaková, Eva,  |d 1958-  |4 aut  |9 98969 
245 1 0 |a Teorie a metody sociální práce  |c Eva Sotoniaková 
250 |a 1. vyd. 
260 |a Ostrava  |b Ostravská univerzita, Filozofická fakulta  |c 2005 
300 |a 67 s.  |c 30 cm 
504 |a Obsahuje bibliogr. 
650 0 7 |a sociálna práca  |2 SNKPH  |9 1550 
650 0 7 |a Social work  |2 SNKPHeng  |9 268197 
655 7 |a učebnice vysokých škôl  |2 SNKPH  |9 70191 
655 7 |a Textbooks (higher)  |2 SNKPHeng  |9 276436 
919 |a 80-7368-118-8 
999 |c 739628  |d 741558 
952 |a SNK  |b SNK  |y NEVYP  |7 0  |p 17A0531245  |o snkIB 71339  |i snk2006/26673  |8 4  |g 3.05  |0 0  |1 1  |4 0  |d 2006-12-06  |l 0  |r 2026-02-23 22:55:37  |w 2026-02-23